LEADER 01180cam0-22003611i-450- 001 990003825030403321 005 20040405095817.0 010 $a88-458-0307-4 035 $a000382503 035 $aFED01000382503 035 $a(Aleph)000382503FED01 035 $a000382503 100 $a20030910d2000----km-y0itay50------ba 101 0 $aita 102 $aIT 200 1 $a<>presenza straniera in Italia$ecaratteristiche demografiche$epermessi di soggiorno al 1.1.1999$eresidenti stranieri al 1.1.1999$enascite e matrimoni nel 1996$fIstituto nazionale di statistica$g[a cura di Domenico Gabrielli e Costanza Giovannelli] 210 $aRoma$cIstat$d2000 215 $a242 p.$d30 cm$efloppy disk 225 1 $aInformazioni$fIstat$v29 610 0 $aImmigrazione$aStatistiche 676 $a304.8 702 1$aGabrielli,$bDomenico 710 01$aIstat$0374421 801 0$aIT$bUNINA$gRICA$2UNIMARC 901 $aBK 912 $a990003825030403321 952 $aCDI-I-29-00-2$b8075$fMAS 952 $aCDI-I-29B-00-2$b8140$fMAS 952 $aVI F 286$b38302$fFSPBC 959 $aMAS 959 $aFSPBC 996 $aPresenza straniera in Italia$9237576 997 $aUNINA LEADER 01801nam 2200541 450 001 9910460316003321 005 20200923020339.0 010 $a80-210-7633-X 035 $a(CKB)3710000000414355 035 $a(SSID)ssj0001498587 035 $a(PQKBManifestationID)12633027 035 $a(PQKBTitleCode)TC0001498587 035 $a(PQKBWorkID)11507221 035 $a(PQKB)10875665 035 $a(MiAaPQ)EBC4887069 035 $a(Au-PeEL)EBL4887069 035 $a(CaPaEBR)ebr11402833 035 $a(OCoLC)993046033 035 $a(EXLCZ)993710000000414355 100 $a20170719h20132013 uy 0 101 0 $aeng 135 $aurcnu|||||||| 181 $ctxt 182 $cc 183 $acr 200 10$aCaused motion $esecondary agent constructions /$fNadezda Kudrnacova 210 1$aBrno, [Czech Republic] :$cMasarykova univerzita,$d2013. 210 4$dİ2013 215 $a1 online resource (149 pages) $cillustrations 225 1 $aOpera Universitatis Masarykianae Brunensis. Facultas Philosophica,$x1211-3034 ;$vCislo 420 =$aSpisy Masarykovy Univerzity v Brne. Filozoficka Fakulta 300 $aBibliographic Level Mode of Issuance: Monograph 311 $a80-210-6373-4 320 $aIncludes bibliographical references. 410 0$aSpisy Filosoficke? fakulty Masarykovy university v Brne? ;$vCislo 420. 606 $aEnglish language$xVerb 606 $aEnglish language$xPassive voice 608 $aElectronic books. 615 0$aEnglish language$xVerb. 615 0$aEnglish language$xPassive voice. 676 $a425 700 $aKudrna?c?ova?$b Nade?z?da$0901861 801 0$bMiAaPQ 801 1$bMiAaPQ 801 2$bMiAaPQ 906 $aBOOK 912 $a9910460316003321 996 $aCaused motion$92015856 997 $aUNINA